MDQL
is popping MORE tags! Check the
thread
!
Quizzes
Events
Quiz Creation
Community
Videos
Private Events
Remove Ads
Sign In
Join for FREE
Feedback
Dark Mode
Quiz Categories
Sports
Geography
Music
Movies
Television
Just For Fun
Miscellaneous
History
Literature
Language
Science
Gaming
Entertainment
Religion
Holiday
For Kids
Quiz Lab
Recent
Popular Today
Quiz Kudos Today
Editor Picks
Curator Picks
Quizzes by...
Day
Popularity
Type
Ratings
Length
Year
Community
Subscriptions
Recent Discussions
Orange Saloon
Badges
Playlists
Quests
Create
Leaderboards
Showdown
Live 5
Trivia Bingo
Activity
Puzzle Library
Sporcle Events
Private Events
Virtual Trivia
Globe League
Become a Host
Pub Owners
SporcleCon
Opinionation
Our Games
Videos
Blog
Mobile Apps
Partnerships
Remove Ads and Go Orange
Feedback
Sports
Athletes
MLB
NBA
NHL
NFL
Soccer
Sports Teams
WWE
NCAA
Football
Premier League
Basketball
Baseball
Hockey
Golf
Tennis
Cricket
Rugby
Auto Racing
Olympics
World Cup
Sports
Athletes
MLB
NBA
NHL
NFL
Soccer
Sports Teams
WWE
NCAA
Football
Premier League
Basketball
Baseball
Hockey
Golf
Tennis
Cricket
Rugby
Auto Racing
Olympics
World Cup
Random Quiz
Search Sporcle
×
Quiz Lab
Quiz Lab
Sports
Player
Type in answers that appear in a list
Type in answers that appear in a list
Classic
Best Score? Go Orange.
Saskatchewan Roughriders 2011 Players Stats
Can you name the all the players to dress for the Saskatchewan Roughriders in 2011?
By
rider_prophet
10m
66 Questions
51 Plays
51 Plays
51 Plays
Comments
Comments
Give Quiz Kudos
Give Quiz Kudos
-
- Ratings
hide this ad
More Info
Replay
Link that replays current quiz
Next Quiz
Link to next quiz in quiz playlist
You Got
0%
They Got
Avg Score
45%
Avg Friend Score
Upgrade to see
Score Distribution
Jump to the score distribution portion of the page
Score
0/66
Timer
10:00
0
Plays Today
Games Played
Name
% Correct
18
Darian Durant
98%
18
Weston Dressler
92.2%
18
Chris Getzlaf
82.4%
13
Wes Cates
80.4%
4
Andy Fantuz
80.4%
12
Chris Milo
72.5%
6
Eddie Johnson
66.7%
18
Ryan Dinwiddie
64.7%
18
Gene Makowsky
64.7%
17
Jerrell Freeman
64.7%
16
James Patrick
64.7%
18
Chris Best
62.7%
17
Craig Butler
62.7%
18
Tristan Jackson
60.8%
18
Shomari Williams
60.8%
7
Hugh Charles
58.8%
18
Neal Hughes
56.9%
18
Keith Shologan
56.9%
16
Chris McKenzie
56.9%
13
Brandon West
56.9%
12
Lance Frazier
56.9%
18
Marc Parenteau
54.9%
17
Nick Graham
54.9%
4
Chris Graham
54.9%
18
Dan Goodspeed
52.9%
16
Sean Lucas
52.9%
12
Tearrius George
51%
9
Tamon George
51%
18
Stu Foord
49%
16
Barrin Simpson
49%
2
Tad Kornegay
49%
18
Cole Bergquist
47.1%
18
Graeme Bell
45.1%
Games Played
Name
% Correct
18
Jason Clermont
45.1%
18
Alex Gauhtier
45.1%
18
Dario Romero
45.1%
10
Remond Willis
45.1%
18
Efrem Hill
43.1%
18
Mike McCullough
43.1%
6
Luc Mullinder
43.1%
5
Tyron Brackenridge
43.1%
7
Dallas Baker
41.2%
18
Cory Huclack
37.3%
18
Alex Krausnick-Groh
37.3%
17
Patrick Neufeld
37.3%
17
Kye Stewart
37.3%
9
Cary Koch
37.3%
5
James Robinson
35.3%
5
Kenny Rowe
35.3%
9
Leron Mitchell
31.4%
8
Jordan Sisco
31.4%
8
Terrence Nunn
29.4%
3
Montez Murphy
29.4%
2
Ernie Wheelright
23.5%
1
Jamal Fudge
23.5%
1
Shawn Lemon
21.6%
9
Scott McHenry
17.6%
4
Eddie Russ
17.6%
3
Patrick Brown
17.6%
1
RJ Roberts
17.6%
1
Freddie Barnes
15.7%
10
Matthieu Boulay
13.7%
2
Yvenson Bernard
13.7%
1
Justin Wilson
11.8%
5
Elliot Richardson
9.8%
2
John Eubanks
9.8%
Quiz Playlist
Details
Report
Send in Message
Add To Playlist
More Info:
Name all the players to dress for a regular season game for the Saskatchewan Roughriders in 2011
Classic:
Type in answers that appear in a list
Last Updated: Feb 16, 2017
Quiz Scoreboard
CHALLENGE
Sign Up to Join the Scoreboard
Show All
Scores
Hide
Comments
May contain spoilers
Recently Published
Colored Red Africa Blitz
by spor1
Geography
30s
Find the 'City' Movie
by crazypaving
Movies
60s
5x2 Blitz: Bands
by SL_Kpop136
Music
30s
More to Explore
Quiz From the Vault
Featured Blog Post
14 Easter Pick-up Lines to Find Eggs With
hide this ad
You Might Also Like...
Tags
2011
Dress
Player
Saskatchewan
Today's Top Quizzes in Sports
Browse Sports
hide this ad
Today's Top Quizzes in Player
Browse Player
Top Contributed Quizzes in Sports
1
Les entraîneurs de l'OM et du PSG au 21e siècle
2
Les meilleurs buteurs des matchs entre le PSG et l’OM
3
Players with Multiple 50 Home Run Seasons
4
2022 World Cup Stars
5
Les joueurs passés par le PSG et l'OM
6
NBA Logic Puzzle 2.0
7
Criteria MLB: Left Handed Sluggers
8
MLB Players with Two .350 Batting Average Seasons
9
Top 10 NHL Goal Scorers of All Time
10
Who Hit More Homers?
Explore More
Trending Topics
Crossword
Disney
Marvel
NBA
Kpop
Anime
Harry Potter
Country
Pokémon
Puzzle
Soccer
NFL
Song
WWE
The Office
hide this ad
More By:
rider_prophet
Quiz
Plays
Rating
Category
Featured
Created
CFL 1000 Yard Rushers Since 2000
87
Sports
Feb 11, 2012
CFL 1000 Yard Receivers Since 2000
84
Sports
Feb 11, 2012
Saskatchewan Roughriders 2011 Players
51
Sports
Feb 10, 2012
Saskatchewan Roughriders 2009 Players
34
Sports
Feb 25, 2012
Saskatchewan Roughriders Award Winners
34
Sports
Feb 18, 2012
Go to Creator's Profile
Score Distribution
Quiz Creator Spotlight
rider_prophet
Follow
Send a Message
Quizzes Created
-
Created Quiz Play Count
-
More By This Creator
Popular Quizzes Today
1
Colored Red Africa Blitz
2
Find the 'City' Movie
3
5x2 Blitz: Bands
4
Find the US States - No Outlines Minefield
5
The Countries of the World
6
Find the US States
7
US States
8
Find the Countries of Europe - No Outlines Minefield
More Sports Quizzes
Thunder 50
Quiz Lab
Trending Quizzes
Colored Red Europe Blitz I
Colored Red Africa Blitz II
Colored Red Europe Blitz II
Colored Red Africa Blitz III
Colored Red Europe Blitz III
Recently Updated
How Do You Spell That?
pecheneg
Godzilla Movies
pecheneg
Grab Bag: 4-10 Letters
pecheneg
2024 March Madness Bracket
pecheneg
Famous TV Couples
Peacemaker
Champions League XIs: Real Madrid
pecheneg
Largest US Cities 1790-2010
pecheneg
Rides in Walt Disney World
pecheneg
Most Oscar Losses (Acting)
pecheneg
Beyoncé Albums
pecheneg
Trending Topics
Marvel
Anime
Harry Potter
NBA
Crossword
Disney
Kpop
Pokémon
Soccer
NFL
Song
Puzzle
The Office
Country
WWE
Your Account Isn't Verified!
In order to create a playlist on Sporcle, you need to verify the email address you used during registration. Go to your
Sporcle Settings
to finish the process.
Report this User
Report this user for behavior that violates our
Community Guidelines
.
Details:
Send Report
Go to the Sporcle.com Mobile Site →
Comments